| 000 | 00837nam a22002297a 4500 | ||
|---|---|---|---|
| 005 | 2010080201401.0 | ||
| 010 | _aENG-97804 | ||
| 020 |
_a9789380449074 _c125.00 |
||
| 035 | _aEN-81337 | ||
| 037 | _bDBAD/PUB | ||
| 082 | _a005.13 | ||
| 100 |
_aPadmanabhan, K. _94601 |
||
| 245 |
_aC++ : _ban object oriented language / _cby K. Padmanabhan |
||
| 260 |
_aTiruchirappalli _bTISSL Publications _c2009 |
||
| 270 |
_a123 A, Jai Nagar, Thiruvarambur _bTiruchirappalli _e620013 |
||
| 300 |
_aii,130p.: _bill. _c25cm (pbk) |
||
| 500 | _aincludes index | ||
| 650 |
_aComputer Program Language _94602 |
||
| 650 |
_aObject oriented programming _94603 |
||
| 942 |
_2ddc _cEN _h005.13 _mPAD |
||
| 999 |
_c38805 _d38805 |
||